| 000 | 00000nam##2200000za#4500 |
| 001 | 9.571623 |
| 003 | CaOODSP |
| 005 | 20211126112844 |
| 007 | cr ||||||||||| |
| 008 | 150406|1994||||xxc|||||o f|0| 0 eng|d |
| 022 | |a1701-9397 |
| 040 | |aCaOODSP|beng |
| 043 | |an-cn--- |
| 086 | 1 |aFB3-2/94-2E-PDF |
| 110 | 2 |aBank of Canada. |
| 245 | 12|aA further analysis of exchange rate targeting in Canada / |h[electronic resource]|cby Robert A. Amano and Tony S. Wirjanto. |
| 260 | |aOttawa - Ontario : |bBank of Canada |cFebruary 1994. |
| 300 | |a29p.|breferences, tables |
| 490 | 1 |aBank of Canada working paper|x1701-9397|v94-2 |
| 500 | |a"In a recent paper Mercenier and Sekkat (1988) conclude that the Bank of Canada has followed a policy of exchange rate targeting using the money supply. We reexamine their results using a different estimation approach and with different assumptions about the forcing process of the exogenous variables."--Abstract. |
| 500 | |aThe ISBN (0-662-21435-8) and ISSN (1192-5434) for the print edition have been incorrectly copied in this electronic publication. |
| 520 | 3 |aIn a recent paper Mercenier and Sekkat (1988) conclude that the Bank of Canada has followed a policy of exchange rate targeting using the money supply. We reexamine their results using a different estimation approach and with different assumptions about the forcing process of the exogenous variables.--Abstract |
| 546 | |aRésumé en français. |
| 590 | |a11-19-Supp|b2011-09-23 |
| 690 | 07|aBanking|2gcpds |
| 690 | 07|aCurrency|2gcpds |
| 720 | 1 |aAmano, Robert A. |
| 720 | 1 |aWirjanto, Tony S. |
| 776 | 0#|tA further analysis of exchange rate targeting in Canada / |w(CaOODSP)9.610996 |
| 830 | #0|aWorking paper (Bank of Canada)|x1701-9397|v94-2|w(CaOODSP)9.504604 |
| 856 | 40|ahttp://publications.gc.ca|qPDF|s64 KB|uhttps://publications.gc.ca/collections/Collection/FB3-2-94-2E.pdf|y94-2 |